000 01024cai a22001695a 4500
001 L144584
008 080730u stkao f v 000 0 eng d
035 _a(Sirsi) u144584
041 0 _aeng
110 2 _aLands Tribunal for Scotland
245 0 0 _aLands Tribunal for Scotland
_h[electronic resource]
520 _aThe Lands Tribunal for Scotland is in effect an independent civil court. It has statutory power to deal with various types of dispute involving land or property and at the request of parties, it can also act as an arbiter to deal with any type of dispute. Website features keyword searching for tribunal decisions on jurisdictions including: valuation for rating; land register appeals and title conditions. There is also a section of selected decisions highlighted as being of particular importance.
651 4 _aScotland
_y1999-
690 _aPROPERTY AND LAND LAW
856 4 0 _uhttps://lands-tribunal-scotland.org.uk/
_zView the website free of charge at www.lands-tribunal-scotland.org.uk...
942 _n0
999 _c120673
_d120673